00693 2200241 4500001002100000005001500021035002000036007000300056008004100059020002200100082001000122084001600132100003300148245009800181250001000279260004000289300003200329650002800361700001500389504002500404990001100429990001100440INLIS00000000000677220210302014954 a0010-0321000142ta210302 g 0 ind  a978-602-1285-52-7 a001.4 a001.4 AGU p0 aAGUS, Wasisto Dwi Doso Warso1 aPublikasi Ilmiah Penelitian Tindakan Kelas /cAgus Wasisto Dwi Doso Warso; editor, Istinangah acet.2 aYogyakarta :bGraha Cendekia,c2017 a219 hal. :bilus. ;c21 cm. 4aPENGETAHUAN. PENELITIAN0 aISTINANGAH aTermasuk Bibliografi a7971 a a7971 b